| 000 | 01535nam0a22003611 4500 | ||
|---|---|---|---|
| 001 | rc\3242328 | ||
| 005 | 20260406025836.0 | ||
| 021 |
_aRU _b[75-1489] |
||
| 035 | _a(NLR Aleph) 007476217 | ||
| 090 |
_a7467670 _c7467670 |
||
| 100 | _a20130115d1974 u y0rusy50 ca | ||
| 101 | 0 | _arus | |
| 102 | _aRU | ||
| 105 | _ay z ||||| | ||
| 200 | 1 | _aХимия алифатических и алициклических нитросоединений | |
| 210 |
_aМосква _cХимия _d1974 |
||
| 215 |
_a416 с. _cграф. _d22 |
||
| 300 | _aНа корешке загл.: Алифатические и алициклические нитросоединения | ||
| 300 | _aНа обороте тит. л. авт.: Новиков С.С., Швейхгеймер Г.А., Севостьянова В.В., Шляпочников В.А. | ||
| 320 | _aСписки лит. в конце глав | ||
| 320 | _aПредм. указ.: с. 403-416 | ||
| 516 | 0 | _aАлифатические и алициклические нитросоединения | |
| 606 |
_aНитросоединения _xХимия _2psbo |
||
| 701 | 1 |
_aСевостьянов _bВ.В. |
|
| 701 | 1 |
_8rus _7ca _aНовиков _bС.С. _f1909-1979 _gСергей Сергеевич _cхимик _3RU\NLR\AUTH\77272 _9110329 |
|
| 701 | 1 |
_aШвейхгеймер _bГ.А. |
|
| 702 | 1 |
_aШляпочников _bВ.А. _4340 |
|
| 801 | 0 |
_aRU _bNLR _gpsbo |
|
| 801 | 1 |
_aRU _bELAR _2rusmarc |
|
| 852 |
_aNLR _j74-5/4757 |
||
| 942 | _cBOOK | ||
| 980 | _aNB | ||